Hol a Balkán kapuja? Beszégetés balkanizmusról, politikáró, kulturáról, jelenről, jövőről és Európa egyéb dolgairól
Elmentve itt :
| Szerző: | |
|---|---|
| Adatforrás: | Meister |
| Forrásdokumentuma: | Korunk. - 7 sz., 1991, 813-818 p. |
| Nyelv: | magyar |
| Kulcsszavak: | politikai interjú balkanizmus kultúra & civilizáció értelmiség kultúra civilizáció Balkán DINESCU Mircea |
| LEADER | 00673nab a2200205 i 4500 | ||
|---|---|---|---|
| 001 | bibPRO00001936 | ||
| 008 | 060524s1991 xx hun | ||
| 040 | |a Sz1 | ||
| 041 | |a hun | ||
| 100 | 1 | |a DINESCU Mircea ; KÓNYA Sándor | |
| 245 | 1 | 0 | |a Hol a Balkán kapuja? Beszégetés balkanizmusról, politikáró, kulturáról, jelenről, jövőről és Európa egyéb dolgairól |c DINESCU Mircea ; KÓNYA Sándor |
| 695 | |a politikai interjú | ||
| 695 | |a balkanizmus | ||
| 695 | |a kultúra & civilizáció | ||
| 695 | |a értelmiség | ||
| 695 | |a kultúra | ||
| 695 | |a civilizáció | ||
| 695 | |a Balkán | ||
| 695 | |a DINESCU Mircea | ||
| 773 | 0 | |t Korunk. - |g 7 sz., 1991, 813-818 p. | |